LEADER 01235nam a2200289 u 4500 001 000000066774 003 CaOOAMICUS 005 20070226121619.0 008 020123s1970 gw u000 u ger u 035 $a10917755 040 $aPUL(R)$bita 245 00$aMethoden in Wissenschaft und Kunst des Mittelalters /$cherausgegeben von Albert Zimmermann ; für den Druck besorgt von Rudolf Hoffmann. 260 $aBerlin :$bW. de Gruyter,$c1970. 300 $aviii, 358 p. ;$c25 cm 490 1 $aMiscellanea mediaevalia ;$vBd. 7 500 $aComprende indice. 504 $aBibliografia in nota. 650 4$aMedioevo$xCiviltą.$0(OLS)http://pul/subject/756 700 1 $aHoffmann, Rudolf.$0(OLS)http://pul/name/44667 700 1 $aZimmermann, Albert,$d1928-$0(OLS)http://pul/name/856 830 0$aMiscellanea mediaevalia ;$vBd. 7.$0(OLS)http://pul/title/407 850 $aPUL 852 $aPUL$W1$xSL Filosofia 1$y2$m105 F 7$j86365$nBK-PRI$b $qStampati$B86365$CPULBib$Z2$F86365 $H $81 941 1 $a8 961 $aINV: 49304 996 $6245$aMethoden in Wissenschaft und Kunst des Mittelalters$9(OLS)http://pul/title/88623 996 $6260$aBerlin :$bW. de Gruyter$9(OLS)http://pul/publisher/48032 LEADER 01241nam a2200277 u 4500 001 000000079199 003 CaOOAMICUS 005 20130607171926.0 008 040527s2001 pl u000 u pol u 020 $a8373060324 035 $a10997032 040 $aPUL$bita 041 0 $apol$aeng 245 00$aTraktat Nicejski /$credaktor Andrzej Podraza. 260 $aLublin :$bTowarzystwo Naukowe Katolickiego Uniwersytetu Lubelskiego :$bFundacja Rozwoju Kul,$cc2001. 300 $a227 p. ;$c21 cm 490 1 $aZródla i monografie ;$v214 504 $aBibliografia in nota. 651 4$aEuropa$xCostituzioni.$0(OLS)http://pul/subject/7133 830 0$aZród?a i monografie (Towarzystwo Naukowe Katolickiego Uniwersytetu Lubelskiego) ;$v214.$0(OLS)http://pul/title/2219 850 $aPUL 852 $aPUL$W1$xSL Diritto e Scienze Sociali 3$y79$m341. 24 PODAN 1$j101400$nBK-PRI$b $qDDC 21$B101400$CPULBib$Z2$F101400 $HPUL90496 $81 941 1 $a9 996 $6020$a8373060324$9(OLS)http://pul/number/103991 996 $6245$aTraktat Nicejski$9(OLS)http://pul/title/103687 996 $6260$aLublin :$bTowarzystwo Naukowe Katolickiego Uniwersytetu Lubelskiego :$bFundacja Rozwoju Kul$9(OLS)http://pul/publisher/75574